000
00230nam a2200097Ia 4500
008
240331s9999 xx 000 0 und d
082
_b
SHA
100
_a
Shanmugathasan,N
245
0
_a
Oru Communistin Arasiyal Ninaivugal
942
_c
L
999
_c
5822
_d
5822